000 00665nam a2200229Ia 4500
003 OSt
005 20220923214803.0
006 a|||||r|||| 00| 0
007 ta
008 220922b |||||||| |||| 00| 0 hin d
024 _a172,763
037 _cTextual
040 _aARTS
_cARTS
_bhin
041 _2hin
_ahin
082 _aO152:3NSE1x, L2-;1
100 _aसेवती, निरूपमा
_9156279
245 0 _aखामोशी को पीते हुए
246 _aKhāmoshī ko pīte hue
260 _c1972
942 _hO152:3NSE1x, L2-;1
_cTEXL
_2CC
999 _c326771
_d326771